| 000 | 00000nam##2200000za#4500 |
| 001 | 9.613635 |
| 003 | CaOODSP |
| 005 | 20241203113634 |
| 007 | ta |
| 008 | 150406|1997||||xxc||||| f|0| 0 eng|d |
| 020 | |a0-660-16869-3 |
| 040 | |aCaOODSP|beng |
| 043 | |an-cn--- |
| 086 | 1 |aEn56-119/1997E |
| 110 | 1 |aCanada. |bEnvironment Canada. |
| 245 | 10|aResponding to global climate change in British Columbia and Yukon : |bclimate impacts and adaptation / |cEdited by Eric Taylor and Bill Taylor. |
| 260 | |aOttawa - Ontario : |bEnvironment Canada |c1997. |
| 300 | |axvi, 346p. in various pagings. : |bfigs., graphs, maps, references, tables ; |c28 cm. |
| 490 | 1 |aCanada country study|vVolume I |
| 500 | |aContents: Climate change workshop.--Climate variability and change.--The potential impacts of climate change on the physical environment of British Columbia and Yukon.--The potential impact of climate change on natural ecosystems of British Columbia and Yukon.--The potential impact of climate change on economic sectors, managed ecosystems and lifestyles in British Columbia and Yukon.--Human response to climate change in British Columbia and Yukon.--Appendices. |
| 563 | |aSoftcover |
| 590 | |a98-03|b1998-01-16 |
| 690 | 07|aClimate|2gcpds |
| 720 | 1 |aTaylor, Eric |
| 720 | 1 |aTaylor, Bill |
| 776 | 0#|tResponding to global climate change in British Columbia and Yukon|w(CaOODSP)9.574587 |
| 830 | #0|aCanada country study ;|vVolume I|w(CaOODSP)9.514592 |